Makine hikayeleri. (Record no. 200129658)
[ view plain ]
| 000 -LEADER | |
|---|---|
| fixed length control field | 00805 a2200253 4500 |
| 001 - CONTROL NUMBER | |
| control field | 200129658 |
| 003 - CONTROL NUMBER IDENTIFIER | |
| control field | TR-AnTOB |
| 005 - DATE AND TIME OF LATEST TRANSACTION | |
| control field | 20240115100051.0 |
| 040 ## - CATALOGING SOURCE | |
| Original cataloging agency | TR-AnTOB |
| 041 ## - LANGUAGE CODE | |
| Language code of text/sound track or separate title | Türkçe |
| 050 00 - LIBRARY OF CONGRESS CALL NUMBER | |
| Classification number | HD9705.T92 |
| Item number | M35 2012 |
| 090 ## - LOCALLY ASSIGNED LC-TYPE CALL NUMBER (OCLC); LOCAL CALL NUMBER (RLIN) | |
| Classification number (OCLC) (R) ; Classification number, CALL (RLIN) (NR) | HD9705.T92 M35 2012 |
| 245 00 - TITLE STATEMENT | |
| Title | Makine hikayeleri. |
| 246 34 - VARYING FORM OF TITLE | |
| Title proper/short title | Türkiye makine tarihine iz bırakanlar. |
| 264 #1 - PRODUCTION, PUBLICATION, DISTRIBUTION, MANUFACTURE, AND COPYRIGHT NOTICE | |
| Place of production, publication, distribution, manufacture | İstanbul : |
| Name of producer, publisher, distributor, manufacturer | Makine ve Aksamları İhracatçıları Birliği, |
| Date of production, publication, distribution, manufacture, or copyright notice | 2012. |
| 300 ## - PHYSICAL DESCRIPTION | |
| Extent | 179 p . : |
| Other physical details | res. ; |
| Dimensions | 23 cm. |
| 650 #0 - SUBJECT ADDED ENTRY--TOPICAL TERM | |
| Topical term or geographic name entry element | Machinery |
| Geographic subdivision | Turkey |
| General subdivision | History |
| 9 (RLIN) | 90212 |
| Topical term or geographic name entry element | Makine |
| Geographic subdivision | Türkiye |
| General subdivision | Tarih |
| 9 (RLIN) | 90213 |
| Topical term or geographic name entry element | Makine endüstrisi |
| Geographic subdivision | Türkiye |
| 9 (RLIN) | 90211 |
| Topical term or geographic name entry element | Machinery industry |
| Geographic subdivision | Turkey |
| 9 (RLIN) | 90210 |
| 710 2# - ADDED ENTRY--CORPORATE NAME | |
| Corporate name or jurisdiction name as entry element | Orta Anadolu Makine ve Aksamları İhracatçıları Birliği |
| 9 (RLIN) | 90209 |
| 942 ## - ADDED ENTRY ELEMENTS (KOHA) | |
| Koha item type | Book |
| Withdrawn status | Lost status | Source of classification or shelving scheme | Not for loan | Collection code | Home library | Current library | Shelving location | Date acquired | Source of acquisition | Cost, normal purchase price | Serial Enumeration / chronology | Total Checkouts | Total Holds | Full call number | Barcode | Copy number | Cost, replacement price | Date shelved | Koha item type | Date last seen | Public note |
|---|---|---|---|---|---|---|---|---|---|---|---|---|---|---|---|---|---|---|---|---|---|
| Ödünç Verilebilir / Available | Genel Koleksiyon | Merkez Kütüphane | Merkez Kütüphane | Genel Koleksiyon / Main Collection | 03/06/2013 | Bağış / Donation | 0.01 | 1 | HD9705.T92 M35 2012 | 0041388 | 1 | 0.01 | Book | ||||||||
| Library of Congress Classification | Ödünç Verilebilir / Available | Genel Koleksiyon | Merkez Kütüphane | Merkez Kütüphane | Depo/Stack | 21/10/2022 | TOBB Bağış / TOBB Donation | 1 | HD9705.T92 M35 2012 c.2 | 0066128 | 2 | 21/10/2022 | Book | 21/10/2022 | Donated by TOBB |
